Reclaim the character of the countryside (Record no. 72905)

MARC details
000 -LEADER
fixed length control field 01125cam a2200217 4500
001 - CONTROL NUMBER
control field WB3924-14
008 - FIXED-LENGTH DATA ELEMENTS--GENERAL INFORMATION
fixed length control field 030624n2003 000 0 eng u
035 ## - SYSTEM CONTROL NUMBER
System control number (Sirsi) u122713
245 ## - TITLE STATEMENT
Title Reclaim the character of the countryside
260 ## - PUBLICATION, DISTRIBUTION, ETC.
Date of publication, distribution, etc. 2003
490 ## - SERIES STATEMENT
Series statement CPRE Press Release
Volume/sequential designation (26/03) 23 June 2003 (3)
520 ## - SUMMARY, ETC.
Summary, etc. The Council for the Protection of Rural England (CPRE) has launched a campaign to protect the character of the English countryside. CPRE have published a report, "Lie of the land", to coincide with this campaign, which analyses the importance and value of diversity in the English countryside and how it is becoming increasingly homogenised. The report explains how the character ca be surveyed and how this information can be used in management, planning and designing in the rural community. "Lie of the land" is available from CPRE Publications t +44 (0)20 7981 2856, priced £10.00.
590 ## - LOCAL NOTE (RLIN)
Local note WB
650 ## - SUBJECT ADDED ENTRY--TOPICAL TERM
Topical term or geographic name entry element RURAL DIVERSIFICATION
650 ## - SUBJECT ADDED ENTRY--TOPICAL TERM
Topical term or geographic name entry element RURAL CHARACTER
650 ## - SUBJECT ADDED ENTRY--TOPICAL TERM
Topical term or geographic name entry element RURAL COMMUNITIES
650 ## - SUBJECT ADDED ENTRY--TOPICAL TERM
Topical term or geographic name entry element ENGLAND
650 ## - SUBJECT ADDED ENTRY--TOPICAL TERM
Topical term or geographic name entry element COUNTRYSIDE
690 ## - LOCAL SUBJECT ADDED ENTRY--TOPICAL TERM (OCLC, RLIN)
Topical term or geographic name as entry element Rural
9 (RLIN) 6268
942 ## - ADDED ENTRY ELEMENTS (KOHA)
Suppress in OPAC 0
Holdings
Withdrawn status Lost status Source of classification or shelving scheme Damaged status Not for loan Home library Current library Shelving location Date acquired Total Checkouts Full call number Barcode Date last seen Copy number Price effective from Koha item type
    Dewey Decimal Classification     London London News article 24/06/2003   WB3924-14 122713-1001 06/08/2019 1 06/08/2019 News article